El jardín de los frailes / (Record no. 27197)

MARC details
000 -LEADER
campo de control de longitud fija 00754nam a2200217 i 4500
001 - NÚMERO DE CONTROL
campo de control 27197
003 - IDENTIFICADOR DE NÚMERO DE CONTROL
campo de control ES-MaACL
005 - FECHA Y HORA DE LA ÚLTIMA TRANSACCIÓN
campo de control 20250630133624.0
007 - CAMPO FIJO DE DESCRIPCIÓN FÍSICA--INFORMACIÓN GENERAL
campo de control de longitud fija t|
008 - DATOS DE LONGITUD FIJA--INFORMACIÓN GENERAL
campo de control de longitud fija 030113s1927 sp ||||1| spa d
080 ## - NÚMERO DE LA CLASIFICACIÓN DECIMAL UNIVERSAL
Número de la Clasificación Decimal Universal 821.134.2-94"19"
100 1# - ENTRADA PRINCIPAL--NOMBRE DE PERSONA
Nombre de persona Azaña, Manuel,
Fechas asociadas al nombre 1880-1940
9 (RLIN) 24223
245 13 - MENCIÓN DEL TÍTULO
Título El jardín de los frailes /
Mención de responsabilidad, etc. por Manuel Azaña.
260 ## - PUBLICACIÓN, DISTRIBUCIÓN, ETC.
Lugar de publicación, distribución, etc. Madrid :
Nombre del editor, distribuidor, etc. [C.I.A.P.,
Fecha de publicación, distribución, etc. 1927] (
Fabricante Comp. Gral. de Artes Gráficas)
300 ## - DESCRIPCIÓN FÍSICA
Extensión 262 p. ;
Dimensiones 19 cm.
530 ## - NOTA DISPONIBLE DE FORMULARIO FÍSICO ADICIONAL
Nota de formato físico adicional disponible Disponible en formato digital.
852 4# - LOCALIZACIÓN
Ubicación ES-MaACL
Número de control de estantería F-14539
Ubicación en estantería Sala Pecera Depósito 2
856 4# - LOCALIZACIÓN Y ACCESO ELECTRÓNICOS
Identificador Uniforme de Recursos <a href="http://bdh-rd.bne.es/viewer.vm?id=0000256723&page=1 ">http://bdh-rd.bne.es/viewer.vm?id=0000256723&page=1 </a>
Texto de enlace Biblioteca Digital Hispánica
Nota no pública (Ejemplar edición por Imprenta Sáez Hermanos)
942 ## - ELEMENTOS DE ENTRADA SECUNDARIOS (KOHA)
Fuente del sistema de clasificación o colocación Clasificación decimal universal
Holdings
Estatus retirado Estado de pérdida Estado de daño No para préstamo Colección Biblioteca de origen Biblioteca actual Ubicación en estantería Fecha de adquisición Fuente de adquisición Total de préstamos Signatura topográfica completa Código de barras Visto por última vez Precio de reemplazo Tipo de ítem Koha
        Colección digital Biblioteca del Ateneo de Madrid Biblioteca del Ateneo de Madrid Sala Pecera Planta 2 17/01/2008     F-14539 1028071 23/02/2023 23/02/2023 Libro impreso